The National Farmers Union Mutual Insurance Society Ltd v HSBC Insurance (UK) Ltd (Record no. 113064)
[ view plain ]
| 000 -LEADER | |
|---|---|
| fixed length control field | 01383cad a22001935a 4500 |
| 001 - CONTROL NUMBER | |
| control field | L154610 |
| 008 - FIXED-LENGTH DATA ELEMENTS--GENERAL INFORMATION | |
| fixed length control field | 120105e2010 xxk f 000 0 eng d |
| 035 ## - SYSTEM CONTROL NUMBER | |
| System control number | (Sirsi) u154610 |
| 041 0# - LANGUAGE CODE | |
| Language code of text/sound track or separate title | eng |
| 245 04 - TITLE STATEMENT | |
| Title | The National Farmers Union Mutual Insurance Society Ltd v HSBC Insurance (UK) Ltd |
| Medium | [electronic resource] |
| 260 ## - PUBLICATION, DISTRIBUTION, ETC. | |
| Date of publication, distribution, etc. | 2010 |
| 520 ## - SUMMARY, ETC. | |
| Summary, etc. | [2010] EWHC 773 (Comm), 19 April 2010. Both seller and buyer often insure a property between contract exchange and completion in case it is damaged or destroyed during that time. Claimant N insured a £1.81m property on behalf of the buyer and Defendant H on behalf of the vendor to cover the period between contract exchange and sales completion. Fire damaged the building but the deal went through. N sought a contribution from H. "Held": the HSBC policy did not cover the buyer because the NFU policy provided cover for it. No double insurance existed in relation to the buyer and NFU could not be awarded a contribution from HSBC on any basis. |
| 590 ## - LOCAL NOTE (RLIN) | |
| Local note | KA |
| 650 24 - SUBJECT ADDED ENTRY--TOPICAL TERM | |
| Topical term or geographic name entry element | NATIONAL FARMERS UNION MUTUAL INSURANCE SOCIETY LTD V HSBC INSURANCE (UK ) LTD |
| 651 #4 - SUBJECT ADDED ENTRY--GEOGRAPHIC NAME | |
| Geographic name | England and Wales |
| Chronological subdivision | 1543- |
| 690 ## - LOCAL SUBJECT ADDED ENTRY--TOPICAL TERM (OCLC, RLIN) | |
| Topical term or geographic name as entry element | PROPERTY-RESIDENTIAL PROPERTY-ACQUISITION AND DISPOSAL OF RESIDENTIAL PROPERTY |
| 856 40 - ELECTRONIC LOCATION AND ACCESS | |
| Uniform Resource Identifier | <a href="https://www.bailii.org/ew/cases/EWHC/Comm/2010/773.html">https://www.bailii.org/ew/cases/EWHC/Comm/2010/773.html</a> |
| Public note | View the law report free of charge at www.bailii.org |
| 942 ## - ADDED ENTRY ELEMENTS (KOHA) | |
| Suppress in OPAC | 0 |
| Withdrawn status | Lost status | Source of classification or shelving scheme | Damaged status | Not for loan | Home library | Current library | Shelving location | Date acquired | Total Checkouts | Full call number | Barcode | Date last seen | Copy number | Price effective from | Koha item type |
|---|---|---|---|---|---|---|---|---|---|---|---|---|---|---|---|
| Dewey Decimal Classification | Virtual | Virtual | Online | 05/01/2012 | ONLINE PUBLICATION | 154610-2001 | 06/08/2019 | 1 | 06/08/2019 | Law report |